| 000 | 00450nam a2200121Ia 4500 | ||
|---|---|---|---|
| 008 | 220620s9999||||xx |||||||||||||| ||und|| | ||
| 100 | _aNilsson, Malin||Mazumdar, Indrani||Neunsinger, Silke | ||
| 245 | 0 | _aHome-Based Work and Home-Based Workers (1800-2021) | |
| 546 | _aEnglish[eng] | ||
| 650 | _aHumanities||Industrialisation & industrial history | ||
| 856 | _uhttps://library.oapen.org/bitstream/20.500.12657/52552/1/9789004499614.pdf | ||
| 942 | _cEB | ||
| 999 |
_c32448 _d32448 |
||